| 000 | 00885nam a22001935i 4500 | ||
|---|---|---|---|
| 001 | 167230 | ||
| 003 | ES-MaACL | ||
| 005 | 20230906213500.0 | ||
| 008 | 000728s1889 sp |||| | spa d | ||
| 040 |
_aCCPB | B _bspa _cCCPB | B |
||
| 100 | 1 |
_aVerdonces, Enrique. _9133632 |
|
| 245 | 1 | 0 |
_aDiscursos leídos en la sesión inaugural del año académico de 1889 á 1890 de la Sociedad Ginecológica Española _b: verificada el día 4 de diciembre de 1889 / _cpor Enrique Verdonces y Enrique Oliván y Sanz. |
| 260 |
_aMadrid : _b[s.n], _c1889 ( _festablecimiento tipográfico de Enrique Teodoro) |
||
| 300 |
_a48 p. ; _c26 cm. |
||
| 610 | 2 | 4 |
_aSociedad Ginecológica Española. _96779 |
| 700 | 2 | 1 |
_aOliván y Sanz, Enrique. _9130636 |
| 852 |
_aES-MaACL _jFol-Laf-101 _z-- Rúst. |
||
| 852 |
_aES-MaACL _jT-524-F-7 _z-- Enc. hol., falto de la cub. original _z-- Enc. en un vol. facticio |
||
| 999 |
_c167230 _d167230 |
||